[Event "Eger op"]
[Site "Eger"]
[Date "1990.??.??"]
[Round "?"]
[White "Dischinger, Frank"]
[Black "Tatar Kis, Szabolcs"]
[Result "1/2-1/2"]
[WhiteElo "2355"]
[BlackElo "2205"]

1.d4 Nf6 2.c4 e6 3.Nc3 Bb4 4.Qc2 O-O 5.Bg5 d6 6.a3 Bxc3+ 7.Qxc3 Nbd7 8.Nf3 b6
9.e3 Bb7 10.Be2 Rc8 11.Bd3 c5 12.O-O h6 13.Bh4 cxd4 14.Nxd4 Ba6 15.b3 d5
16.Qb4 dxc4 17.Be2 Rc5 18.Rac1 Qc8 19.bxc4 Qa8 20.Bg3 e5 21.Nb3 Rc7 22.Rfd1 Rfc8
23.a4 Qe4 24.Bd3 Qg4 25.h3 Qe6 26.Nd2 Ne8  1/2-1/2

[Event "Arnold Cup"]
[Site "Gausdal"]
[Date "1990.??.??"]
[Round "8"]
[White "Ostenstad, Berge"]
[Black "Tischbierek, Raj"]
[Result "1-0"]
[WhiteElo "2410"]
[BlackElo "2440"]

1.d4 Nf6 2.c4 e6 3.Nc3 Bb4 4.Qc2 O-O 5.a3 Bxc3+ 6.Qxc3 b6 7.Bg5 Bb7 8.f3 d6
9.e4 c5 10.d5 Nbd7 11.Nh3 exd5 12.cxd5 h6 13.Bd2 Qe7 14.O-O-O c4 15.g4 Nc5
16.Nf2 Rfc8 17.Kb1 Nfd7 18.g5 hxg5 19.Bh3 Rc7 20.Rdg1 f6 21.Bxd7 Rxd7 22.h4 Rf8
23.hxg5 fxg5 24.Bxg5 Qe5 25.Qxe5 dxe5 26.Ng4 Re8 27.Nf6+ gxf6 28.Bh6+ Kh8
29.Bg7+ Kg8 30.Bh6+ Kh8 31.Bf8+ Rh7 32.Bg7+ Kg8 33.Bxf6+ Kf7 34.Rxh7+ Kxf6
35.Rhg7  1-0

[Event "Geneve"]
[Site "Geneve"]
[Date "1990.??.??"]
[Round "10"]
[White "Rogers, Ian"]
[Black "King, Daniel J"]
[Result "1/2-1/2"]
[WhiteElo "2535"]
[BlackElo "2560"]

1.d4 Nf6 2.c4 e6 3.Nc3 Bb4 4.Qc2 O-O 5.a3 Bxc3+ 6.Qxc3 b6 7.Bg5 h6 8.Bh4 c5
9.dxc5 bxc5 10.Bxf6 Qxf6 11.Qxf6 gxf6 12.e3 Nc6 13.O-O-O Rb8 14.Ne2 Rd8 15.Nc3 f5
16.h3 Bb7 17.Rg1 h5 18.g4  1/2-1/2

[Event "OL Wuert8990"]
[Site "Germany"]
[Date "1990.??.??"]
[Round "?"]
[White "Witke, Thomas"]
[Black "Birke, Matthias"]
[Result "1/2-1/2"]
[WhiteElo "2330"]
[BlackElo "2275"]

1.d4 Nf6 2.c4 e6 3.Nc3 Bb4 4.Qc2 O-O 5.Bg5 d6 6.Nf3 Nbd7 7.a3 Bxc3+ 8.Qxc3 Qe7
9.e3 Re8 10.Bh4 Nf8 11.Nd2 Ng6 12.Bg3 e5 13.d5 c6 14.Qb3 Bf5 15.Be2 Nf4 16.exf4 exf4
17.O-O fxg3 18.Bf3 gxh2+ 19.Kxh2 c5 20.Rfe1 Qd7 21.Nf1 Rab8 22.Qc3 b5 23.cxb5 Qxb5
24.Ne3 Be4 25.Rad1 Bxf3 26.gxf3 Qxb2 27.Qxb2 Rxb2 28.Kg3 g6 29.Nc4 Rxe1 30.Rxe1 Rb3
31.Nxd6 Nxd5 32.a4 Ra3 33.Rc1 Rxa4 34.Rxc5 Rd4 35.Rc8+ Kg7 36.Ne8+ Kh6 37.Rd8 Rd3
38.Rd7 a5 39.Nf6 Nb4 40.Rxf7 Nd5 41.Rxh7+ Kg5 42.Ne4+ Kf5 43.Ra7 Ra3 44.Nd6+ Kg5
45.Nc4 Ra1 46.Rxa5 Rxa5 47.Nxa5 Nf4 48.Nc4  1/2-1/2

[Event "BL2-N8990"]
[Site "Germany"]
[Date "1990.??.??"]
[Round "?"]
[White "Albrecht, Rainer"]
[Black "Feick, Stefan"]
[Result "0-1"]
[WhiteElo "2280"]
[BlackElo "2380"]

1.d4 Nf6 2.c4 e6 3.Nc3 Bb4 4.Qc2 O-O 5.a3 Bxc3+ 6.Qxc3 b6 7.Bg5 Bb7 8.f3 d5
9.e3 Re8 10.Bd3 Nbd7 11.Nh3 h6 12.Bh4 c5 13.cxd5 cxd4 14.Qxd4 e5 15.Qb4 Nc5
16.Bc2 g5 17.Bf2 Nxd5 18.Qd2 e4 19.b4 exf3 20.bxc5 fxg2 21.Rg1 Qf6 22.Rd1 Nxe3
23.Bxe3 Qf3 24.Rxg2 Rxe3+  0-1

[Event "FRG-CupT"]
[Site "Germany"]
[Date "1990.??.??"]
[Round "?"]
[White "Werner, Dimo"]
[Black "Bischoff, Klaus"]
[Result "1/2-1/2"]
[WhiteElo "2350"]
[BlackElo "2505"]

1.d4 Nf6 2.c4 e6 3.Nc3 Bb4 4.Qc2 O-O 5.a3 Bxc3+ 6.Qxc3 d6 7.Nf3 Nbd7 8.b4 a5
9.bxa5 c5 10.e3 Qxa5 11.Qxa5 Rxa5 12.Rb1 b6 13.Be2 Ba6 14.Bb2 Rc8 15.dxc5 bxc5
16.O-O Kf8 17.Rfd1 Ke7 18.Bf1 Rc7 19.Nd2 Bb7 20.f3 Bc6 21.Rdc1 Ra8 22.Bd3 g6
23.Kf2 Rb7 24.g4 Rab8 25.Bc3 Rxb1 26.Rxb1 Ra8 27.Bb2 h6 28.h4 g5 29.Kg3 Ne5
30.Be2 Ned7 31.Bd3 Ne5 32.Be2 Ned7 33.Bc1  1/2-1/2

[Event "BL2-S8990"]
[Site "Germany"]
[Date "1990.??.??"]
[Round "?"]
[White "Effert, Kai"]
[Black "Braeuning, Rudolf Wilhelm"]
[Result "1/2-1/2"]
[WhiteElo "2320"]
[BlackElo "2320"]

1.d4 Nf6 2.c4 e6 3.Nc3 Bb4 4.Qc2 O-O 5.a3 Bxc3+ 6.Qxc3 b6 7.Bg5 Bb7 8.f3 Nc6
9.Nh3 h6 10.Bh4 Ne4 11.Bxd8 Nxc3 12.Bxc7 Nxd4 13.Rc1 Na4 14.b4 Rfc8 15.Be5 Nb5
16.Ra1 f6 17.Bg3 Nd4 18.Rc1 d5 19.e3 Nb3 20.Rc2 Ba6 21.Nf4 Kf7 22.c5 Bxf1
23.Rxf1 bxc5 24.bxc5 Rxc5 25.Rxc5 Nbxc5 26.Kd2 Rb8 27.Nd3 Rb3 28.Nxc5 Nxc5
29.Rc1 Rb2+ 30.Kd1 Nd3 31.Rc7+ Kg6 32.Rxa7 Rxg2 33.a4 Ra2 34.a5 e5 35.Ra8 Nb2+
36.Kc1 Nc4 37.a6 Nb6 38.Kb1 Ra5 39.Ra7 Nc4 40.Be1 Rb5+ 41.Kc1 Rb8 42.Rb7 Ra8
43.a7 Nd6 44.Rb6 Nf5 45.Rb7 Nd6 46.Rb6 Ne8 47.Rb8 Rxa7 48.Rxe8 Ra1+ 49.Kd2 Ra2+
50.Kd3 Rxh2 51.Rd8 Rh3 52.Ke2 e4 53.f4 Rh2+ 54.Bf2 Rh5 55.Rd7 Rf5 56.Kf1 h5
57.Kg2 Kh6 58.Be1 g5 59.fxg5+ fxg5 60.Rd6+ Kg7 61.Bc3+ Kf7 62.Bd4  1/2-1/2

[Event "BL2-W8990"]
[Site "Germany"]
[Date "1990.??.??"]
[Round "?"]
[White "Sonntag, Hans Hubert"]
[Black "Rechmann, Peter"]
[Result "1/2-1/2"]
[WhiteElo "2370"]
[BlackElo "2355"]

1.d4 Nf6 2.c4 e6 3.Nc3 Bb4 4.Qc2 O-O 5.a3 Bxc3+ 6.Qxc3 Qe8 7.f3 d6 8.Bg5 Nfd7
9.e4 e5 10.d5 a5 11.Be3 Qe7 12.b4 axb4 13.axb4 Rxa1+ 14.Qxa1 f5 15.Bd3 Na6
16.Qa5 Nf6 17.Bg5 h6 18.Bxf6 Qxf6 19.Ne2 Qg5 20.c5 fxe4 21.Bxa6 bxa6 22.Qxc7 Bh3
23.fxe4 Bg4 24.Rf1 Rxf1+ 25.Kxf1 Qe3 26.Ng3 Qc1+ 27.Kf2 Qd2+  1/2-1/2

[Event "Groningen op"]
[Site "Groningen"]
[Date "1990.??.??"]
[Round "5"]
[White "Foisor, Ovidiu"]
[Black "Bischoff, Klaus"]
[Result "1/2-1/2"]
[WhiteElo "2395"]
[BlackElo "2530"]

1.d4 Nf6 2.c4 e6 3.Nc3 Bb4 4.Qc2 O-O 5.a3 Bxc3+ 6.Qxc3 Qe8 7.f3 d6 8.e4 e5
9.d5 a5 10.b3 Nfd7 11.g4 Nc5 12.Be3 a4 13.b4 Nb3 14.Ra2 c6 15.Bd3 cxd5 16.cxd5 Qe7
17.Ne2 Na6 18.Bc2 Bd7 19.Bxb3 Rfc8 20.Qd3 axb3 21.Qxb3 Qh4+ 22.Ng3 Qh3 23.Rg1 Bb5
24.Rc2 Nc7 25.Rf2 g6 26.Nf5 gxf5 27.Rg3 Qh4 28.gxf5+ Kf8 29.Rfg2 Ke8 30.Bg5 Qh5
31.Rg4 Qh3 32.R4g3 Qh5 33.Rg4 Qh3 34.R4g3 Qh5  1/2-1/2

[Event "HUN-chop"]
[Site "Gyor"]
[Date "1990.??.??"]
[Round "7"]
[White "Panzer, Peter"]
[Black "Arkhipov, Sergey"]
[Result "0-1"]
[WhiteElo "2280"]
[BlackElo "2475"]

1.d4 Nf6 2.c4 e6 3.Nc3 Bb4 4.Qc2 O-O 5.a3 Bxc3+ 6.Qxc3 b6 7.Bg5 Bb7 8.f3 d6
9.e3 Nbd7 10.Bd3 h6 11.Bh4 c5 12.Ne2 cxd4 13.exd4 Rc8 14.Qd2 Ba6 15.b3 d5
16.cxd5 Bxd3 17.Qxd3 exd5 18.O-O Re8 19.Nc3 Qc7 20.Rac1 Qf4 21.Bf2 Nf8 22.Rc2 Ne6
23.Rfc1 Qg5 24.Ne2 Rxc2 25.Rxc2 Nh5 26.Be3 Qh4 27.Bf2 Qf6 28.Qb5 Rd8 29.Qc6 Qg6
30.Bh4 Rb8 31.Bg3 Nxg3 32.hxg3 h5 33.Kf2 Qf5 34.Rc1 Qg5 35.a4 h4 36.Qd6 Re8
37.Qd7 Nc7 38.gxh4 Qxh4+ 39.Kf1 Re7 40.Qd8+ Ne8 41.Qxd5 Qh1+ 42.Ng1 Qh7 43.Qb5 Nd6
44.Qa6 Qg6 45.Ne2 Qg5 46.Re1 Nf5 47.Qc8+ Kh7 48.g3 Qh5 49.Kg2 Ne3+ 50.Kg1 Re6
51.Qb7 Nc2 52.d5 Rh6  0-1

[Event "Hamburg IMT"]
[Site "Hamburg"]
[Date "1990.??.??"]
[Round "5"]
[White "Wegner, Hannu"]
[Black "Tompa, Janos"]
[Result "1/2-1/2"]
[WhiteElo "2385"]
[BlackElo "2420"]

1.d4 Nf6 2.c4 e6 3.Nc3 Bb4 4.Qc2 O-O 5.a3 Bxc3+ 6.Qxc3 b6 7.Bg5 Bb7 8.Nh3 h6
9.Bh4 c5 10.dxc5 bxc5 11.f3 d6 12.O-O-O Nc6 13.Bxf6 Qxf6 14.Qxf6 gxf6 15.Rxd6 Rfd8
16.Rxd8+ Rxd8 17.e3 Ba6 18.Nf2 Na5 19.Bd3 Bxc4 20.Rd1 Bd5 21.Bc2 Rb8 22.e4 Bc6
23.Rd3 Kf8 24.Ng4 Ke7 25.Nxh6 Nc4 26.Rc3 Ne5 27.f4 Nd7 28.Ng4 f5 29.Nf2 Rh8
30.h3 fxe4 31.Bxe4 Bxe4 32.Nxe4 Rh4 33.g4 f5 34.Nxc5 Nxc5 35.Rxc5 Kd6 36.Ra5 fxg4
37.hxg4 Rxg4 38.Rxa7 Rxf4 39.Kd2 Rf2+ 40.Kc3 e5 41.b4 Rf3+ 42.Kc4 Rf4+ 43.Kd3 Rf3+
44.Ke4 Rf4+ 45.Ke3 Rh4 46.b5 Rh3+ 47.Ke4 Rh4+ 48.Kf3 Rh3+ 49.Kg4 Rb3 50.a4 e4
51.Kf4 e3 52.Kf3 Kc5 53.Ra6 Ra3 54.b6 Kc6 55.a5 Kb7 56.Ra7+ Kb8 57.Ke2 Rb3
58.Re7 Rb5 59.Ra7  1/2-1/2

[Event "FIN-ch"]
[Site "Helsinki"]
[Date "1990.??.??"]
[Round "9"]
[White "Rantanen, Yrjo A"]
[Black "Raaste, Eero J"]
[Result "0-1"]
[WhiteElo "2405"]
[BlackElo "2380"]

1.d4 Nf6 2.c4 e6 3.Nc3 Bb4 4.Qc2 O-O 5.a3 Bxc3+ 6.Qxc3 b5 7.cxb5 c6 8.e3 cxb5
9.Bxb5 Ne4 10.Qb4 a5 11.Qa4 Bb7 12.Nf3 f5 13.O-O Rf6 14.Nd2 Rg6 15.Nxe4 fxe4
16.Be2 Qh4 17.g3 Qh3 18.f4 exf3 19.Rxf3 Rh6 20.Rf2 Qxg3+ 21.Kf1 Rxh2 22.Rxh2 Qxh2
23.Ke1 Be4 24.Kd1 Qg1+ 25.Kd2 Nc6 26.Qd1 Qh2 27.Kc3 Rc8 28.Kb3 Bd5+ 29.Ka4 Rb8
30.Bb5 Na7 31.Bd3 Bc6+  0-1

[Event "Jajce (Women)"]
[Site "Jajce"]
[Date "1990.??.??"]
[Round "2"]
[White "Maksimovic, Suzana"]
[Black "Bojkovic, Natasa"]
[Result "1/2-1/2"]
[WhiteElo "2280"]
[BlackElo "2270"]

1.d4 Nf6 2.c4 e6 3.Nc3 Bb4 4.Qc2 O-O 5.Bg5 h6 6.Bh4 c5 7.dxc5 Na6 8.Nf3 Nxc5
9.a3 Bxc3+ 10.Qxc3 b6 11.Rd1 Ba6 12.e3 Nce4 13.Qc2 Rc8 14.Bd3 Nc5 15.Be2 Nce4
16.Bd3 Nc5 17.Be2 Nce4 18.Bd3  1/2-1/2

[Event "Balkaniad-J"]
[Site "Kavala"]
[Date "1990.??.??"]
[Round "6"]
[White "Zygouris, Hristos"]
[Black "Popov, Stevan"]
[Result "0-1"]
[WhiteElo "2295"]
[BlackElo "2345"]

1.d4 Nf6 2.c4 e6 3.Nc3 Bb4 4.Qc2 O-O 5.a3 Bxc3+ 6.Qxc3 b6 7.Bg5 Bb7 8.f3 d6
9.e4 c5 10.dxc5 bxc5 11.O-O-O Nxe4 12.Bxd8 Nxc3 13.Rxd6 Na4 14.Bh4 Nb6 15.Bd3 Nc6
16.b3 Rab8 17.Be4 Nd4 18.Rxd4 cxd4 19.Bg3 Bxe4 20.Bxb8 Rxb8 21.fxe4 Nd7 22.b4 a5
23.bxa5 Rc8 24.Nf3 Rxc4+ 25.Kb2 Nc5 26.Rd1 d3 27.Ne1 Kf8 28.Nxd3 Nxe4 29.Kb3 Rc8
30.a6 Ra8 31.Nb4 Nc5+ 32.Kc4 Nxa6 33.Nxa6 Rxa6 34.Kb4 Rb6+ 35.Kc3 Ke7 36.a4 Rd6
37.Rb1 Rc6+ 38.Kd4 Kd6 39.Ra1  0-1

[Event "Kecskemet op2"]
[Site "Keckemeth"]
[Date "1990.??.??"]
[Round "?"]
[White "Kaposztas, Miklos"]
[Black "Effert, Kai"]
[Result "1-0"]
[WhiteElo "2355"]
[BlackElo "2265"]

1.d4 Nf6 2.c4 e6 3.Nc3 Bb4 4.Qc2 O-O 5.Nf3 b6 6.Bg5 h6 7.Bh4 Bb7 8.e3 d5
9.cxd5 exd5 10.Bd3 Nbd7 11.O-O Be7 12.Rfd1 Rc8 13.Nb5 Ne4 14.Bxe7 Qxe7 15.Nxa7 Ra8
16.Nc6 Qe6 17.Nce5 Nxe5 18.Nxe5 c5 19.a3 Nd6 20.Be2 c4 21.Bf3 Rfd8 22.a4 Ra5
23.b3 f6 24.Ng6 Re8 25.Nf4 Qd7 26.Rac1 cxb3 27.Qxb3 Rxa4 28.Qxb6 Nc4 29.Qxb7 Qxb7
30.Bxd5+ Qxd5 31.Nxd5 Rb8 32.Rb1 Rxb1 33.Rxb1 Nd2 34.Rd1 Ra2 35.f3 Kf7 36.e4 g5
37.Ne3 h5 38.Nf1 Nc4 39.Rc1 Nd6 40.Ne3 Re2 41.Nd5 Nb5 42.Rd1 Ke6 43.h4 Ra2
44.hxg5 fxg5 45.Nb4 Ra4 46.d5+ Kd6 47.Nc6 Nc3 48.Rd2 g4 49.Kh2 gxf3 50.gxf3 Nxe4
51.fxe4 Rxe4 52.Nd8 Re7 53.Ne6 Rf7 54.Ng5 Rd7 55.Ne4+ Ke5 56.Nc3  1-0

[Event "Kecskemet"]
[Site "Kecskemet"]
[Date "1990.??.??"]
[Round "9"]
[White "Videki, Sandor"]
[Black "Arkhipov, Sergey"]
[Result "0-1"]
[WhiteElo "2440"]
[BlackElo "2440"]

1.d4 Nf6 2.c4 e6 3.Nc3 Bb4 4.Qc2 O-O 5.a3 Bxc3+ 6.Qxc3 b6 7.Bg5 Bb7 8.f3 d6
9.e4 c5 10.d5 Nbd7 11.Nh3 exd5 12.cxd5 Re8 13.O-O-O c4 14.Kb1 b5 15.g4 a5
16.Bf4 Ne5 17.Be2 Ba6 18.g5 Nfd7 19.Bd2 Nc5 20.Nf2 b4 21.Qe3 c3  0-1

[Event "Kherson"]
[Site "Kherson"]
[Date "1990.??.??"]
[Round "?"]
[White "Maksimenko, Andrei"]
[Black "Karpman, Vadim"]
[Result "0-1"]
[WhiteElo "2290"]
[BlackElo "2480"]

1.d4 Nf6 2.c4 e6 3.Nc3 Bb4 4.Qc2 O-O 5.a3 Bxc3+ 6.Qxc3 b6 7.Bg5 Bb7 8.f3 h6
9.Bh4 d5 10.Nh3 c5 11.cxd5 exd5 12.e3 Nbd7 13.Bd3 Qe7 14.Bf2 cxd4 15.Qxd4 Nc5
16.Bc2 Ba6 17.O-O-O Rfc8 18.Kb1 Bc4 19.g4 Be2 20.g5 hxg5 21.Nxg5 Ne6 22.Nxe6 Qxe6
23.e4 Rxc2 24.Kxc2 Bxf3 25.exd5 Qf5+ 26.Kb3 Bxd5+  0-1

[Event "Kherson"]
[Site "Kherson"]
[Date "1990.??.??"]
[Round "?"]
[White "Maksimenko, Andrei"]
[Black "Kaplun, Leonid I"]
[Result "1/2-1/2"]
[WhiteElo "2290"]
[BlackElo "2390"]

1.d4 Nf6 2.c4 e6 3.Nc3 Bb4 4.Qc2 O-O 5.a3 Bxc3+ 6.Qxc3 d6 7.Bg5 Nbd7 8.e3 e5
9.Nf3 Re8 10.Be2 Qe7 11.dxe5 dxe5 12.Bh4 Nf8 13.Nd2 Ng6 14.Bg3 Nf4 15.Bf3 Bg4
16.O-O Bxf3 17.exf4 exf4 18.Bxf4 Bc6 19.Nf3 Ne4 20.Qb4 a5 21.Qxe7 Rxe7 22.Rfe1 Rae8
23.Nd4 Ba4 24.b3 Rd7 25.bxa4 Rxd4 26.Bxc7 Rxc4 27.Bxa5 Rxa4 28.Bb4 Raa8 29.f3 Nf6
30.Rxe8+ Rxe8 31.Rd1 h5 32.Kf2 Rc8 33.Ke3 Kh7 34.Kf4 Kg6 35.Rd2 Re8 36.Bc3 Re6
37.h3 Rc6 38.Bb4 Re6 39.Rd6 Re2 40.g4 hxg4 41.hxg4 Rc2 42.Kg3 Rc7 43.Kf4 Kh7
44.Kg3 Ng8 45.Ba5 Rc5 46.Bd8 Nh6 47.Rd7 b5 48.Be7 Rc4 49.Rd5 Rc7 50.Bb4 Rb7
51.Kf4 f6 52.Ke4 Nf7 53.f4 Nh8 54.Ba5 Ng6 55.Rc5 Re7+ 56.Kf3 Rd7 57.Bb4 Rd4
58.Rh5+ Kg8 59.Rxb5 Rxf4+ 60.Kg3 Rd4 61.a4 Ne5 62.a5 Rxg4+  1/2-1/2

[Event "Kherson"]
[Site "Kherson"]
[Date "1990.??.??"]
[Round "?"]
[White "Karpman, Vadim"]
[Black "Kushch, Nikolai"]
[Result "1-0"]
[WhiteElo "2480"]
[BlackElo "2300"]

1.d4 Nf6 2.c4 e6 3.Nc3 Bb4 4.Qc2 O-O 5.a3 Bxc3+ 6.bxc3 b6 7.Bg5 Bb7 8.Nh3 h6
9.Bh4 d5 10.cxd5 exd5 11.e3 Nbd7 12.Bd3 Re8 13.O-O g5 14.Bg3 c5 15.f3 Rc8
16.Qd2 Qe7 17.Rfe1 Nh5 18.Nf2 Nxg3 19.hxg3 Qd6 20.Bf5 Rc7 21.Ng4 h5 22.e4 hxg4
23.Qxg5+ Kf8 24.e5 Nxe5 25.f4 cxd4 26.Bh7 f6 27.Qg8+ Ke7 28.fxe5 fxe5 29.Qg5+ Kd7
30.Bf5+ Re6 31.Bxe6+ Kxe6 32.Rf1  1-0

[Event "Kherson"]
[Site "Kherson"]
[Date "1990.??.??"]
[Round "?"]
[White "Karpman, Vadim"]
[Black "Brodsky, Michail"]
[Result "0-1"]
[WhiteElo "2480"]
[BlackElo "2290"]

1.d4 Nf6 2.c4 e6 3.Nc3 Bb4 4.Qc2 O-O 5.a3 Bxc3+ 6.Qxc3 b6 7.Bg5 Bb7 8.Nh3 h6
9.Bh4 d6 10.f3 Nbd7 11.e4 c5 12.dxc5 bxc5 13.Bd3 d5 14.exd5 exd5 15.O-O Qb6
16.cxd5 Nxd5 17.Qd2 Ne5 18.Bc2 f5 19.Nf4 Nxf4 20.Qxf4 Qxb2 21.Bxf5 Bc8 22.Rfb1 Rxf5
23.Qxf5 Qd4+ 24.Bf2 Qxf2+ 25.Kxf2 Bxf5 26.Rb7 Nd3+ 27.Ke3 a6 28.g4 Bg6 29.Rc7 Re8+
30.Kd2 Nf4 31.Rc6 Re2+ 32.Kc3 Rc2+ 33.Kb3 Bd3 34.Rd1 c4+ 35.Kb4 Rb2+ 36.Kc5 c3
37.Kd4 Rd2 38.Ra1 Bb5+ 39.Kxc3 Rd3+  0-1

[Event "JUG-ch"]
[Site "Kladovo"]
[Date "1990.??.??"]
[Round "?"]
[White "Kozul, Zdenko"]
[Black "Gligoric, Svetozar"]
[Result "1-0"]
[WhiteElo "2575"]
[BlackElo "2485"]

1.d4 Nf6 2.c4 e6 3.Nc3 Bb4 4.Qc2 O-O 5.a3 Bxc3+ 6.Qxc3 b6 7.Nf3 Bb7 8.e3 d6
9.Bd3 Nbd7 10.b4 Ne4 11.Qc2 f5 12.Bb2 Qe8 13.O-O Qg6 14.d5 c5 15.dxc6 Bxc6
16.Nd4 Bb7 17.f3 Ng5 18.h4 Nf7 19.Nxf5 exf5 20.Bxf5 Qh6 21.Bxd7 Qxe3+ 22.Qf2 Qe7
23.Bh3 Bc8 24.Rfe1 Qc7 25.Qd4 Ne5 26.Qd5+ Qf7 27.Qxa8 Bxh3 28.Qd5 Nxc4 29.Qxf7+ Kxf7
30.Rac1 Nxb2 31.gxh3 Kf6 32.Rc6 Rd8 33.Re2 Na4 34.Rd2 Ke6 35.Rc7 g6 36.Rxh7 d5
37.Rxa7 b5 38.Ra6+ Kf5 39.Rc6 d4 40.Kf2 Ke5 41.Rxg6 Kd5 42.Rg4  1-0

[Event "RSFSR-ch"]
[Site "Kuibishev"]
[Date "1990.??.??"]
[Round "?"]
[White "Doroshkievich, Vladimir K"]
[Black "Makarov, Marat"]
[Result "0-1"]
[WhiteElo "2360"]
[BlackElo "2480"]

1.d4 Nf6 2.c4 e6 3.Nc3 Bb4 4.Qc2 O-O 5.Nf3 c5 6.dxc5 Na6 7.g3 Nxc5 8.Bg2 Nce4
9.O-O Nxc3 10.bxc3 Be7 11.Rb1 Qc7 12.Qd3 Rd8 13.Be3 d6 14.Nd4 Ng4 15.Nb5 Qb8
16.Bc1 a6 17.Nd4 Ne5 18.Qc2 Qc7 19.f4 Nxc4 20.f5 e5 21.Bd5 Nb6 22.Bxf7+ Kxf7
23.f6 Bxf6 24.Qxh7 Nd5 25.Bh6 Rg8 26.Nf3 Be6 27.Ng5+ Ke7 28.Nxe6 Kxe6 29.e4 Ke7
30.Qf5 Qd7 31.Qxd7+ Kxd7 32.exd5 b5 33.a4 Rab8 34.axb5 Rxb5 35.Be3 Rxd5 36.Rb7+ Ke6
37.c4 Rd3 38.Kf2 Rc8 39.c5 dxc5 40.Rb6+ Rd6 41.Rxd6+ Kxd6 42.Kf3 c4 43.Ke4 c3
44.g4 Rc4+ 45.Kf5 Kd5 46.g5 Be7 47.Kg6 Ba3 48.Kxg7 Ke4 49.Re1 Kd3 50.g6 c2
51.Kf6 e4 52.Kf5 Bb4 53.g7 Rc8 54.Rc1 Rg8 55.Bh6 Bd2  0-1

[Event "RSFSR-ch"]
[Site "Kuibishev"]
[Date "1990.??.??"]
[Round "?"]
[White "Obukhov, Alexander"]
[Black "Tunik, Gennady"]
[Result "1/2-1/2"]
[WhiteElo "2225"]
[BlackElo "2475"]

1.d4 Nf6 2.c4 e6 3.Nc3 Bb4 4.Qc2 O-O 5.a3 Bxc3+ 6.Qxc3 b6 7.Bg5 Bb7 8.Nh3 h6
9.Bh4 Re8 10.e3 d6 11.f3 d5 12.Be2 Nbd7 13.O-O a5 14.b4 axb4 15.axb4 e5 16.Rxa8 Bxa8
17.dxe5 Rxe5 18.Bxf6 Qxf6 19.cxd5 Bxd5 20.Qxc7 Be6 21.Nf2 Rxe3 22.Bd3 g6
23.Rd1 Qe5 24.Qc1  1/2-1/2

[Event "Kusadasi op"]
[Site "Kusadasi"]
[Date "1990.??.??"]
[Round "4"]
[White "Glek, Igor V"]
[Black "Langeweg, Kick"]
[Result "1-0"]
[WhiteElo "2535"]
[BlackElo "2420"]

1.d4 Nf6 2.c4 e6 3.Nc3 Bb4 4.Qc2 O-O 5.a3 Bxc3+ 6.Qxc3 b6 7.Bg5 Bb7 8.Nh3 h6
9.Bh4 d5 10.cxd5 exd5 11.e3 c5 12.Bxf6 Qxf6 13.dxc5 d4 14.Qxd4 Qxd4 15.exd4 Re8+
16.Kd2 Rd8 17.Kc3 Nc6 18.Rd1 bxc5 19.d5 Nd4 20.Nf4 Bxd5 21.Nxd5 Rxd5 22.Bc4 Rd7
23.Rde1 a5 24.Re5 Rc7 25.Rhe1 Kf8 26.Rd5 a4 27.Ree5 Rac8 28.Ba6 f6 29.Bxc8 fxe5
30.Ba6  1-0

[Event "Luxembourg op"]
[Site "Luxembourg"]
[Date "1990.??.??"]
[Round "5"]
[White "Avshalumov, Alex"]
[Black "Mednis, Edmar John"]
[Result "1/2-1/2"]
[WhiteElo "2450"]
[BlackElo "2440"]

1.d4 Nf6 2.c4 e6 3.Nc3 Bb4 4.Qc2 O-O 5.Bg5 c5 6.e3 h6 7.Bh4 cxd4 8.exd4 Nc6
9.Rd1 d5 10.Nf3 Be7 11.a3 b6 12.Be2 dxc4 13.Bxc4 Bb7 14.Ba2 Nd5 15.Bb1 g6
16.Bg3 Nxc3 17.Qxc3 Bf6 18.Be5 Qe7 19.Bf4 Bg7 20.Qe3 g5 21.Be5 Nxe5 22.Nxe5 Rfd8
23.O-O Bxe5 24.Qxe5 Qf8 25.Rfe1 Qg7 26.Qc7 Bd5 27.h3 Rdc8 28.Qg3 Rc4 29.Qd3 Rd8
30.Re5 Rc7 31.Qg3 Rcd7 32.Qc3 Bb7 33.Qe3 Bd5 34.Qc3  1/2-1/2

[Event "Lyon op"]
[Site "Lyon"]
[Date "1990.??.??"]
[Round "?"]
[White "Petursson, Margeir"]
[Black "Suba, Mihai"]
[Result "1/2-1/2"]
[WhiteElo "2555"]
[BlackElo "2505"]

1.d4 Nf6 2.c4 e6 3.Nc3 Bb4 4.Qc2 O-O 5.a3 Bxc3+ 6.Qxc3 b6 7.Bg5 Bb7 8.f3 c5
9.dxc5 bxc5 10.e3 a5 11.Nh3 h6 12.Bh4 d6 13.O-O-O Ra6 14.Nf2 Nbd7 15.Be2 Qa8
16.e4 Rb6 17.g4 d5 18.g5 hxg5 19.Bxg5 d4 20.Qd2 e5 21.Rhg1 Qa6 22.Rg3 Rb8
23.Bxf6 Rxf6 24.Rdg1 Rg6 25.Rxg6 fxg6 26.Qg5 Kf7 27.Nh3 Bc8 28.Qd8 Nf8 29.Qc7+ Nd7
30.Qd8 Nf8 31.Qc7+ Nd7  1/2-1/2

[Event "Mar del Plata op"]
[Site "Mar del Plata"]
[Date "1990.??.??"]
[Round "?"]
[White "Romero, Martin"]
[Black "Piza Cortizo, Daniel"]
[Result "1-0"]
[WhiteElo "2265"]
[BlackElo "2295"]

1.d4 Nf6 2.c4 e6 3.Nc3 Bb4 4.Qc2 O-O 5.Bg5 d6 6.Nf3 Nbd7 7.Rd1 Re8 8.e3 Bxc3+
9.bxc3 h6 10.Bh4 b6 11.Bd3 Bb7 12.e4 e5 13.Nd2 g5 14.Bg3 exd4 15.cxd4 Nxe4
16.Bxe4 Bxe4 17.Nxe4 f5 18.O-O fxe4 19.f3 Qe7 20.Rfe1 Nf6 21.c5 bxc5 22.fxe4 cxd4
23.e5 dxe5 24.Bxe5 Kg7 25.Rxd4 Rad8 26.Rde4 Rf8 27.Rf1 Qd7 28.Qc3 Qd3 29.Bxf6+ Kg6
30.Re6  1-0

[Event "Mar del Plata op"]
[Site "Mar del Plata"]
[Date "1990.??.??"]
[Round "?"]
[White "Cifuentes Parada, Roberto"]
[Black "Pacheco, Daniel"]
[Result "1-0"]
[WhiteElo "2445"]
[BlackElo "2270"]

1.d4 Nf6 2.c4 e6 3.Nc3 Bb4 4.Qc2 O-O 5.Bg5 b6 6.e4 h6 7.Bh4 Nc6 8.O-O-O Bxc3
9.bxc3 Qe7 10.f4 Qa3+ 11.Kb1 Ne8 12.Qb3 Qxb3+ 13.axb3 f6 14.Bd3 Bb7 15.Nf3 Ne7
16.Rhe1 g5 17.fxg5 hxg5 18.Bg3 Ng6 19.d5 e5 20.Bf2 d6 21.Kb2 Ng7 22.Ra1 Bc8
23.g3 g4 24.Nd2 Bd7 25.b4 a5 26.bxa5 bxa5 27.c5 f5 28.c6 fxe4 29.Nxe4 Bf5
30.Bg1 Ne7 31.c4 Bg6 32.Rf1 Rfb8+ 33.Kc3 Ne8 34.Rfb1 Rxb1 35.Rxb1 Bxe4 36.Bxe4 Nf6
37.Bc2 Rf8 38.Be3 Ne8 39.Rb8 Kg7 40.Kd2 Rh8 41.Bg1 Kf7 42.Ra8 Rh6 43.Rxa5 Rf6
44.Ke2 Rf3 45.Be3 Nf6 46.Ra7 Ke8 47.Bg5 Neg8 48.Bg6+ Kd8 49.Ra8+  1-0

[Event "URS-ch U26"]
[Site "Minsk"]
[Date "1990.??.??"]
[Round "?"]
[White "Piskov, Yury"]
[Black "Karpman, Vadim"]
[Result "0-1"]
[WhiteElo "2445"]
[BlackElo "2500"]

1.d4 Nf6 2.c4 e6 3.Nc3 Bb4 4.Qc2 O-O 5.a3 Bxc3+ 6.Qxc3 b6 7.Bg5 Bb7 8.f3 c5
9.dxc5 bxc5 10.Nh3 h6 11.Bh4 d6 12.O-O-O e5 13.Qd2 Ne4 14.Qe1 Nf6 15.Qd2 Ne4
16.Bxd8 Nxd2 17.Be7 Re8 18.Rxd2 Rxe7 19.Rxd6 e4 20.Nf4 Nc6 21.Nd5 Ree8 22.e3 exf3
23.gxf3 Rab8 24.Rg1 Kf8 25.Rg3 Nd4 26.exd4 Re1+ 27.Kc2 Rxf1 28.dxc5 Rf2+
29.Kc3 Bxd5 30.Rxd5 Rfxb2 31.c6 R2b3+ 32.Kd4 Rc8 33.f4 Rb6 34.Rd6 Rbxc6 35.Rxc6 Rxc6
36.Re3 Rf6 37.c5 Rxf4+ 38.Kd5 Rf2 39.c6 Rd2+ 40.Kc5 Rc2+ 41.Kd6 Rd2+ 42.Kc7 Rxh2
43.Rb3 g5 44.Kb7 Rc2 45.c7 g4 46.c8=Q+ Rxc8 47.Kxc8 Ke7 48.Kb7 h5 49.Kc6 Ke6
50.Re3+ Kf5 51.Kd5 h4 52.Re1 Kf4 53.Rf1+ Ke3 54.Rxf7 g3 55.Rg7 Kf2 56.Rf7+ Kg2
57.Ke4 h3 58.Kf4 Kh2 59.Kg4 g2 60.Rf2 Kh1  0-1

[Event "URS-ch U26"]
[Site "Minsk"]
[Date "1990.??.??"]
[Round "?"]
[White "Khenkin, Igor"]
[Black "Ulibin, Mikhail"]
[Result "1-0"]
[WhiteElo "2450"]
[BlackElo "2500"]

1.d4 e6 2.c4 Nf6 3.Nc3 Bb4 4.Qc2 O-O 5.a3 Bxc3+ 6.Qxc3 b6 7.Bg5 Bb7 8.f3 h6
9.Bh4 d5 10.e3 Nbd7 11.Nh3 c5 12.cxd5 Nxd5 13.Bxd8 Nxc3 14.Be7 Rfe8 15.Bh4 Nd5
16.Bb5 g5 17.Bxd7 Red8 18.Bf2 Rxd7 19.dxc5 bxc5 20.Rc1 Ba6 21.e4 Nb6 22.Bxc5 Na4
23.Nf2 Nxb2 24.Bb4 f5 25.h4 g4 26.fxg4 fxe4 27.Rh3 Rf7 28.Rc2 Nd3+ 29.Nxd3 exd3
30.Rc6 Rf1+ 31.Kxf1 d2+ 32.Rxa6 d1=Q+ 33.Kf2 Qc2+ 34.Kg1 Qc4 35.Ra5 Rd8 36.Rf3 Qxg4
37.Kh2 Qxh4+ 38.Rh3 Qd4 39.Bc5 Qf4+ 40.Rg3+ Kh8 41.Be3 Qd6 42.Rh5 Rd7 43.Bxh6  1-0

[Event "Moscow (Women)"]
[Site "Moscow"]
[Date "1990.??.??"]
[Round "?"]
[White "Strutinskaya, Galina N"]
[Black "Galliamova, Alisa"]
[Result "0-1"]
[WhiteElo "2190"]
[BlackElo "2365"]

1.d4 Nf6 2.c4 e6 3.Nc3 Bb4 4.Qc2 O-O 5.Bg5 c5 6.dxc5 Na6 7.a3 Bxc3+ 8.Qxc3 Nxc5
9.Bxf6 Qxf6 10.Qxf6 gxf6 11.b4 Na4 12.g3 a5 13.Rc1 axb4 14.axb4 Nb2 15.Kd2 d5
16.cxd5 exd5 17.Nf3 Nc4+ 18.Ke1 Ra4 19.b5 Nd6 20.e3 Bg4 21.Bg2 Nxb5 22.Rc5 Ra1+
23.Kd2 Ra2+ 24.Rc2 Rfa8 25.Rc1 Bf5 26.Rxa2 Rxa2+ 27.Ke1 Be4 28.Nh4 Nd6 29.Bf1 b5
30.f3 Bc2 31.Kd2 Nc4+ 32.Kc3 Bg6 33.Ng2 Rf2 34.Kd4 Nd2 35.e4 Nxf1 36.exd5 Rxg2
37.Rxf1 b4 38.Kc4 Rd2 39.Re1 b3  0-1

[Event "Moscow2"]
[Site "Moscow"]
[Date "1990.??.??"]
[Round "?"]
[White "Yuferov, Sergey  N"]
[Black "Ksieski, Zbigniew"]
[Result "0-1"]
[WhiteElo "2435"]
[BlackElo "2395"]

1.d4 Nf6 2.c4 e6 3.Nc3 Bb4 4.Qc2 O-O 5.a3 Bxc3+ 6.Qxc3 b6 7.Bg5 c5 8.dxc5 bxc5
9.Nh3 Nc6 10.e3 Rb8 11.Bd3 h6 12.Bh4 e5 13.Bxf6 Qxf6 14.Be4 Bb7 15.f3 Ne7
16.Nf2 Qe6 17.O-O f5 18.Bxb7 Rxb7 19.Nd3 d6 20.b4 Rc8 21.bxc5 Ng6 22.Rab1 Rxb1
23.Rxb1 dxc5 24.h3 Qe7 25.Ne1 Rd8 26.Kf1 Kh7 27.Rb2 Qd6 28.Qc2 e4 29.f4 Rd7
30.Ke2 Nf8 31.Rb1 Ne6 32.Rd1 Nd4+ 33.exd4 cxd4 34.Qc1 d3+ 35.Nxd3 exd3+ 36.Kf3 Re7
37.Qc3 Re4 38.g3 Qc6  0-1